|
|
|
|
| LEADER |
00000cam a2200000 c 4500 |
| 001 |
1086592573 |
| 003 |
DE-627 |
| 005 |
20260206194205.0 |
| 007 |
tu |
| 008 |
881028s1988 xx ||||| m 00| ||ger c |
| 015 |
|
|
|a 89,H06,0194
|2 dnb
|
| 016 |
7 |
|
|a 890848009
|2 DE-101
|
| 035 |
|
|
|a (DE-627)1086592573
|
| 035 |
|
|
|a (DE-603)010753605
|
| 035 |
|
|
|a (DE-576)016592573
|
| 035 |
|
|
|a (DE-599)BSZ016592573
|
| 035 |
|
|
|a (OCoLC)1050501163
|
| 035 |
|
|
|a (OCoLC)75062184
|
| 035 |
|
|
|a (DE-604)8013065327
|
| 040 |
|
|
|a DE-627
|b ger
|c DE-627
|e rakwb
|
| 041 |
|
|
|a ger
|
| 084 |
|
|
|a 19
|2 sdnb
|
| 084 |
|
|
|a PH 5060
|2 rvk
|0 (DE-625)rvk/136179:
|
| 100 |
1 |
|
|a Stumpf, Michael
|d 1954-
|0 (DE-588)1071221434
|0 (DE-627)825631173
|0 (DE-576)432992421
|4 aut
|
| 109 |
|
|
|a Stumpf, Michael 1954-
|
| 245 |
1 |
4 |
|a Die Berufung im deutschen Strafprozess
|b Geschichte, gegenwärtiger Stand, Reformvorschläge
|c vorgel. von Michael Stumpf
|
| 264 |
|
1 |
|a [Erscheinungsort nicht ermittelbar]
|c 1988
|
| 300 |
|
|
|a VIII, 236 S.
|
| 336 |
|
|
|a Text
|b txt
|2 rdacontent
|
| 337 |
|
|
|a ohne Hilfsmittel zu benutzen
|b n
|2 rdamedia
|
| 338 |
|
|
|a Band
|b nc
|2 rdacarrier
|
| 502 |
|
|
|a Würzburg, Univ., Diss., 1988
|
| 610 |
2 |
7 |
|0 (DE-588)4126877-5
|0 (DE-627)104808497
|0 (DE-576)209588837
|a Deutschland
|t Strafprozessordnung
|2 gnd
|
| 650 |
0 |
7 |
|0 (DE-588)4005967-4
|0 (DE-627)106379011
|0 (DE-576)20886380X
|a Berufung
|g Prozessrecht
|2 gnd
|
| 650 |
0 |
7 |
|0 (DE-588)4116634-6
|0 (DE-627)105805297
|0 (DE-576)209503203
|a Strafverfahren
|2 gnd
|
| 651 |
|
7 |
|0 (DE-588)4011889-7
|0 (DE-627)104732423
|0 (DE-576)208896201
|a Deutschland
|g Bundesrepublik
|2 gnd
|
| 655 |
|
7 |
|a Hochschulschrift
|0 (DE-588)4113937-9
|0 (DE-627)105825778
|0 (DE-576)209480580
|2 gnd-content
|
| 689 |
0 |
0 |
|d s
|0 (DE-588)4005967-4
|0 (DE-627)106379011
|0 (DE-576)20886380X
|a Berufung
|g Prozessrecht
|2 gnd
|
| 689 |
0 |
1 |
|d s
|0 (DE-588)4116634-6
|0 (DE-627)105805297
|0 (DE-576)209503203
|a Strafverfahren
|2 gnd
|
| 689 |
0 |
|
|5 (DE-627)
|
| 689 |
1 |
0 |
|d g
|0 (DE-588)4011889-7
|0 (DE-627)104732423
|0 (DE-576)208896201
|a Deutschland
|g Bundesrepublik
|2 gnd
|
| 689 |
1 |
1 |
|d s
|0 (DE-588)4116634-6
|0 (DE-627)105805297
|0 (DE-576)209503203
|a Strafverfahren
|2 gnd
|
| 689 |
1 |
2 |
|d s
|0 (DE-588)4005967-4
|0 (DE-627)106379011
|0 (DE-576)20886380X
|a Berufung
|g Prozessrecht
|2 gnd
|
| 689 |
1 |
|
|5 (DE-627)
|
| 689 |
2 |
0 |
|d s
|0 (DE-588)4005967-4
|0 (DE-627)106379011
|0 (DE-576)20886380X
|a Berufung
|g Prozessrecht
|2 gnd
|
| 689 |
2 |
1 |
|d u
|0 (DE-588)4126877-5
|0 (DE-627)104808497
|0 (DE-576)209588837
|a Deutschland
|t Strafprozessordnung
|2 gnd
|
| 689 |
2 |
|
|5 (DE-627)
|
| 751 |
|
|
|a Würzburg
|0 (DE-588)4067037-5
|0 (DE-627)10611073X
|0 (DE-576)209167939
|4 uvp
|
| 935 |
|
|
|h HEB
|i 0501
|
| 935 |
|
|
|h HEB
|i 0503
|
| 936 |
r |
v |
|a PH 5060
|b Berufung, Revision
|k Rechtswissenschaft
|k Strafrecht, Strafverfahrensrecht, Kriminologie
|k Strafverfahrensrecht
|k Rechtsmittel und sonstige Rechtsbehelfe
|k Berufung, Revision
|0 (DE-627)1271677199
|0 (DE-625)rvk/136179:
|0 (DE-576)201677199
|
| 936 |
s |
n |
|a p100
|2 mzub
|
| 951 |
|
|
|a BO
|
| ELC |
|
|
|b 1
|
| LOK |
|
|
|0 000 xxxxxcx a22 zn 4500
|
| LOK |
|
|
|0 001 278197563X
|
| LOK |
|
|
|0 003 DE-627
|
| LOK |
|
|
|0 004 1086592573
|
| LOK |
|
|
|0 005 20140204090715
|
| LOK |
|
|
|0 008 140204||||||||||||||||ger|||||||
|
| LOK |
|
|
|0 040
|a DE-21-110
|c DE-627
|d DE-21-110
|
| LOK |
|
|
|0 689
|a s
|a Berufung
|
| LOK |
|
|
|0 852
|z Kein Bestand am IfK; Nachweis für KrimDok
|
| LOK |
|
|
|0 852
|a DE-21-110
|
| LOK |
|
|
|0 852 1
|m v
|9 00
|
| LOK |
|
|
|0 935
|a k110
|
| LOK |
|
|
|0 938
|k v
|
| LOK |
|
|
|0 939
|a 04-02-14
|b l01
|
| ORI |
|
|
|a SA-MARC-krimdoka001.raw
|
| TIM |
|
|
|a 100019490523_100019901002
|b 1949-05-23 - 1990-10-02
|